[Event "North County CC op 187th"]
[Site "San Diego"]
[Date "2004.09.10"]
[Round "4"]
[White "Ambalada, Felix"]
[Black "Cramer, Charles"]
[Result "1-0"]
[WhiteElo "1448"]
[BlackElo "1594"]
[PlyCount "111"]
[EventDate "2004.08.20"]
[EventType "swiss"]
[EventRounds "5"]
[EventCountry "USA"]
[SourceTitle "EXT 2009"]
[Source "ChessBase"]
[SourceDate "2008.11.26"]
[SourceVersion "1"]
[SourceVersionDate "2008.11.26"]
[SourceQuality "1"]

1. e4 e6 2. d4 d5 3. Nd2 Nc6 4. Bb5 a6 5. Bxc6+ bxc6 6. Ngf3 c5 7. c3 cxd4 8. cxd4 Bb4 9. e5 Ne7 10. a3 Ba5 11. b4 Bb6 12. Nb3 Bd7 13. a4 h6 14. h4 Nc6 15. a5 Ba7 16. Nc5 Nxb4 17. Rb1 Bxc5 18. dxc5 Nc6 19. Bd2 Na7 20. Qc2 Bb5 21. Nd4 c6 22. Rh3 Rb8 23. Nxe6 fxe6 24. Qg6+ Kd7 25. Rf3 Rb7 26. Rf7+ Kc8 27. Rxb7 Kxb7 28. Qxg7+ Kb8 29. Qf6 Qe8 30. Rb4 Rg8 31. g4 Rg6 32. Qf3 h5 33. g5 Qh8 34. Bc3 Nc8 35. Rf4 Rg8 36. Rf6 Re8 37. Rh6 Qg8 38. Qxh5 Qf8 39. Qg4 Qxc5 40. Qb4 Qxb4 41. Bxb4 Kc7 42. Rf6 Kd7 43. h5 Ne7 44. Rf7 Kd8 45. g6 Ng8 46. g7 Bd3 47. Bd6 Nh6 48. Rf8 Bf5 49. Bc5 Be4 50. Be3 Ng8 51. Bg5+ Kd7 52. Rf7+ Kc8 53. Kd2 c5 54. Be7 c4 55. Bc5 Bf3 56. Rxf3 1-0